| Tag |
First Indicator |
Second Indicator |
Subfields |
| LEADER |
00000cam a2200000 4500 |
| 001 |
in00000055717 |
| 005 |
20151008052306.0 |
| 008 |
770413s1943 dcua b 00010 engm |
| 010 |
|
|
|a 43006115
|
| 035 |
|
|
|a (OCoLC)02884159
|
| 035 |
|
|
|9 AAH2659AM
|
| 040 |
|
|
|a DLC
|c SUC
|d SUC
|d TXA
|d UtOrBLW
|
| 049 |
|
|
|a TXAM
|c [113458]
|
| 050 |
0 |
0 |
|a LB2387
|b .E6
|
| 082 |
0 |
|
|a 378.25
|
| 092 |
|
|
|a 378.25
|b E64h
|
| 100 |
1 |
|
|a Epler, Stephen Edward,
|d 1909-
|
| 245 |
1 |
0 |
|a Honorary degrees :
|b a survey of their use and abuse /
|c by Stephen Edward Epler. Frontispiece from a lithograph by Grant Wood.
|
| 264 |
|
1 |
|a Washington, D.C. :
|b American Council on Public Affairs,
|c [1943]
|
| 300 |
|
|
|a 224 pages including frontispiece, illustrations ;
|c 23 cm.
|
| 336 |
|
|
|a text
|b txt
|2 rdacontent
|
| 337 |
|
|
|a unmediated
|b n
|2 rdamedia
|
| 338 |
|
|
|a volume
|b nc
|2 rdacarrier
|
| 504 |
|
|
|a Bibliography: pages 208-216.
|
| 650 |
|
0 |
|a Degrees, Academic
|z United States.
|
| 710 |
2 |
|
|a American Council on Public Affairs.
|
| 999 |
|
|
|a MARS
|
| 999 |
f |
f |
|s ecbb8f8b-ffe2-3719-b9c7-63820feb46be
|i 6f5e73ab-9b1d-3ae6-82b0-f5c651cf3843
|t 0
|
| 952 |
f |
f |
|p normal
|a Texas A&M University
|b College Station
|c Sterling C. Evans Library
|d Evans: Library Stacks
|t 0
|e LB2387 .E6
|h Library of Congress classification
|i unmediated -- volume
|m A14800863049
|
| 998 |
f |
f |
|a LB2387 .E6
|t 0
|l Evans: Library Stacks
|